000
00192nam a2200109Ia 4500
100
_a
PASSELL/PETER.
942
_c
BK
245
_a
HOW TO
260
_b
#N/A
546
_a
ENGLISH
999
_c
25464
_d
25464